00849nam a22002297a 4500999001700000003000500017005001700022008004100039020002400080040001900104082001400123100002700137245004400164260003700208300002900245538002400274650007100298856002600369942001200395952009800407952011400505 c23660d23660NUST20170523130440.0131227b xxu||||| |||| 00| 0 eng d a89165223cAvailable aDLCbDLCcRCMS a536.2 PAT aPatankar Suhas V91330 aNumerical Heat Transfer and Fluid Flow  aIndia bTaylor & Francis cc1980 axiii,197,p:bill:c22,cm iShelf no 1 Row No 1 a1.Heat Transmit ion 2. Fluid dynamics 3. Numerical analysis 91331 3Table of Content Only 2ddccBK 00102ddc4070aCLbCLcGENd2013-12-27l0o536.2PATpRCMS000526r2013-12-27w2013-12-27yBK 00102ddc4070aRCMSbRCMScGENd2013-12-27l1o536.2PATpRCMS000527r2019-03-20s2018-04-23w2013-12-27yBK